|
|
|
|
| LEADER |
00000cam a2200000 7i4500 |
| 001 |
0000038325 |
| 005 |
20000612.0 |
| 020 |
|
|
|a 9835905827
|
| 090 |
0 |
0 |
|a 657
|b TAN
|
| 100 |
0 |
|
|a Tan Siew Lian
|
| 245 |
1 |
0 |
|a Bantuan studi lengkap SPM formula bestari prinsip akaun
|c Tan Siew Lian
|
| 260 |
|
|
|a Petaling Jaya :
|b Sasbadi Sdn. Bhd. ,
|c 2000
|
| 300 |
|
|
|a 625p. ;
|c 29cm.
|
| 650 |
0 |
0 |
|a Accounting
|x SPM
|
| 999 |
|
|
|a 091002
|b BUKU
|c RUJUKAN
|e PERPUSTAKAAN KOMUNITI PETALING JAYA
|
| 999 |
|
|
|a 091003
|b BUKU
|c RUJUKAN
|e PERPUSTAKAAN KOMUNITI PETALING JAYA
|
| 999 |
|
|
|a 091004
|b BUKU
|c PINJAMAN
|e PERPUSTAKAAN KOMUNITI PETALING JAYA
|
| 999 |
|
|
|a 091005
|b BUKU
|c RUJUKAN
|e PERPUSTAKAAN KOMUNITI PETALING JAYA
|
| 999 |
|
|
|a 091006
|b BUKU
|c PINJAMAN
|e PERPUSTAKAAN KOMUNITI PETALING JAYA
|
| 999 |
|
|
|a 091007
|b BUKU
|c RUJUKAN
|e PERPUSTAKAAN KOMUNITI PETALING JAYA
|